00721nam a2200181 i 4500001000700000003000900007005001700016007000300033008004100036100003300077245012400110260005500234300002600289600006500315852002100380999001900401952011900420138525ES-MaACL20230906195600.0t|070214s1928 sp r ||||1| spa d1 aSan Román, José.910229613aLa muerte del águila b: vida y recuerdos de Blasco Ibáñez : su reivindicación y muerte / cJosé San Román. aMadrid : bPueyo, c1928 (fImp. Senén Martín) a92 p. ; c19 x 12 cm.14aBlasco Ibáñez, Vicente,d1867-1928-xBiografías929389 aES-MaACLjB-6040 c138525d138525 00104070aATENEOMbATENEOMcSPBd2008-01-17eSCl0oB-6040p1144144r2023-02-23 00:00:00w2023-02-23yMONOGRAFIA